000 00648pam a2200217 a 4500
001 2438063
005 20180228064508.0
008 880808s1989 nyua 001 0 eng
010 _a 88027451
020 _a0442233515
040 _aDLC
_cDLC
_dDLC
041 _aeng
080 _a624..0683 rob
082 0 0 _a624..0683 rob
_219
100 1 _a27
101 _aeng
245 1 0 _aMotivation and productivity in the construction industry /
_cRobert H. Warren.
906 _a7
_bcbc
_corignew
_d1
_eocip
_f19
_gy-gencatlg
942 _2ddc
_cBK
999 _c43700
_d43700